مكتبة جامعة عجلون الوطنية

فهرس بحث المكتبة

Normal view MARC view
  • المخطوطات العربية

Entry Topical Term

Number of records used in: 1

001 - CONTROL NUMBER

  • control field: 23367

003 - CONTROL NUMBER IDENTIFIER

  • control field: JO-AjAnu

005 - DATE AND TIME OF LATEST TRANSACTION

  • control field: 20230606074023.0

008 - FIXED-LENGTH DATA ELEMENTS

  • fixed length control field: 230606|| aca||aabn | a|a d

040 ## - CATALOGING SOURCE

  • Original cataloging agency: JO-AjAnu
  • Transcribing agency: JO-AjAnu

150 ## - HEADING--TOPICAL TERM

  • Topical term or geographic name entry element: المخطوطات العربية

670 ## - SOURCE DATA FOUND

  • Source citation: Work cat.: (JO-AjAnu)12010: الجبوري ، يحيى , author 23366, مع المخطوطة العربية ذكريات واسفار وصلات بمحبي التراث